Estadísticas para Estados de EE. UU por las primeras 2 letras en 30 segundos

Haz click aquí para tomar la prueba!

Estadísticas generales

  • Esta prueba ha sido tomada 12.034 veces
  • La puntuación promedio es 24 de 50

Respuestas en el mapa

Las respuestas están codificadas por una escala verde-roja en el mapa de la prueba según el % correcto abajo.
Cargando...
 

Estadísticas de respuestas

Estado% Correcto
California
88%
Carolina del Norte
88%
Carolina del Sur
88%
Texas
78%
Tennessee
78%
Alabama
69%
Washington
69%
Alaska
69%
Nueva Jersey
68%
Nuevo México
68%
Nueva York
68%
Nuevo Hampshire
68%
Nevada
65%
Nebraska
65%
Míchigan
63%
Misuri
63%
Misisipi
63%
Minnesota
63%
Florida
63%
Arizona
57%
Arkansas
57%
Dakota del Norte
52%
Dakota del Sur
52%
Maine
49%
Maryland
49%
Massachusetts
49%
Connecticut
47%
Colorado
47%
Oregón
47%
Montana
46%
Idaho
38%
Hawái
36%
Ohio
33%
Illinois
32%
Utah
31%
Virginia
29%
Virginia Occidental
29%
Wisconsin
29%
Wyoming
29%
Kansas
28%
Iowa
25%
Oklahoma
24%
Georgia
23%
Indiana
23%
Luisiana
21%
Pensilvania
19%
Vermont
18%
Kentucky
18%
Delaware
17%
Rhode Island
11%

Distribución de puntuación

Porcentaje por número respondido

Porcentaje de gente con cada puntuación

Historial de tus puntuaciones

No has tomado esta prueba